Nghề nuôi cá thịt

Sách giới thiệu nghề nuôi cá, cơ sở sinh học của kỹ thuật nuôi cá thịt và kỹ thuật nuôi cá thịt.

Guardado en:
Detalles Bibliográficos
Autor principal: Đặng, Đình Viên
Formato: Libro
Lenguaje:Undetermined
Publicado: Hà Nội Giáo Dục 1994
Materias:
Etiquetas: Agregar Etiqueta
Sin Etiquetas, Sea el primero en etiquetar este registro!
Thư viện lưu trữ: Trung tâm Học liệu Trường Đại học Cần Thơ
LEADER 00714nam a2200193Ia 4500
001 CTU_161461
008 210402s9999 xx 000 0 und d
082 |a 639.3 
082 |b V305 
100 |a Đặng, Đình Viên 
245 0 |a Nghề nuôi cá thịt 
245 0 |c Đặng Đình Viên, Lộc Thị Triều 
260 |a Hà Nội 
260 |b Giáo Dục 
260 |c 1994 
520 |a Sách giới thiệu nghề nuôi cá, cơ sở sinh học của kỹ thuật nuôi cá thịt và kỹ thuật nuôi cá thịt. 
650 |a Nuôi trồng thủy sản,Aquaculture 
904 |i Trọng Hải 
980 |a Trung tâm Học liệu Trường Đại học Cần Thơ